00305nam a2200121Ia 45000030006000000080041000060400015000471000027000622450041000892600024001305460012001540050017001660STCL150530s9999 xx 000 0 und d aSTCLcSTCL aSterne; petrie; Editor aLifer and opinins of Tristram Shandy bPenguin booksc1967 aEnglish20220125171047.0